Équipe NBA d'après les équipes d'autre sport de la même ville - Statistiques

Statistiques générales
  • Ce quiz a été pris 60 fois
  • Le résultat moyen est 6 sur 10
Statistiques - réponses
NBA/Ville NFL MLB NHL MLS % Correct
Miami Heat Dolphins Marlins * Panthers Inter
92%
Chicago Bulls Fire White Sox / Cubs Blackhawks Fire FC
85%
76ers Philadelphie Eagles Phillies Flyers Union
69%
Boston Celtics * Patriots Red Sox Bruins * Revolution
69%
Dallas Mavericks Cowboys * Rangers Stars FC
69%
Denver Nuggets Broncos * Rockies * Avalanche * Rapids
58%
Washington Wizards Commanders Nationals Capitals * United
58%
Golden State Warriors (San Francisco) 49ers / Raiders Giants * Sharks * Earthquakes
46%
Detroit Pistons Lions Tigers Red Wings [City FC]
44%
Phoenix Suns * Cardinals * Diamondbacks * Coyotes [Rising]
25%
Aucun quiz correspondant
Distribution des résultats
% des personnes avec chaque résultat
Percentile par nombre de réponses
Votre historique - résultats
Vous n’avez pas pris ce quiz